Exploringh the Unexplored: (Record no. 207703)

MARC details
000 -LEADER
fixed length control field 00602nam a22001817a 4500
010 ## - LCCN (DPL NO)
LC control number ENG-143083
020 ## - INTERNATIONAL STANDARD BOOK NUMBER
International Standard Book Number 9789361636271
Terms of availability 890.00
035 ## - SYSTEM CONTROL NUMBER
System control number EN-126615
037 ## - SOURCE OF ACQUISITION
Source of stock number/acquisition DBAD
082 ## - DEWEY DECIMAL CLASSIFICATION NUMBER
Classification number 616.075
100 ## - MAIN ENTRY--PERSONAL NAME
Personal name Nagarajan, R.
245 ## - TITLE STATEMENT
Title Exploringh the Unexplored:
Remainder of title Health & Labour/
Statement of responsibility, etc by R. Nagarajan [and] Blessy Rao
260 ## - PUBLICATION, DISTRIBUTION, ETC. (IMPRINT)
Place of publication, distribution, etc Tamil Nadu
Name of publisher, distributor, etc Shanlax publications
Date of publication, distribution, etc 2024
270 ## - ADDRESS
Address 61, 66 T.P.K. Main Road, Vasantha Nagar,
City Madurai, Tamil Nadu
Postal code 625003
300 ## - PHYSICAL DESCRIPTION
Extent 377p.
Dimensions 25cm(pb)
700 ## - ADDED ENTRY--PERSONAL NAME
Personal name Rao, Blessy
Relator term Author
9 (RLIN) 75172
942 ## - ADDED ENTRY ELEMENTS (KOHA)
Source of classification or shelving scheme Dewey Decimal Classification
Item type English Books
Classification part 616.075
Call number suffix NAG
Holdings
Withdrawn status Lost status Not for loan Collection code Home library Current library Date acquired Source of acquisition Cost, normal purchase price Full call number Barcode Copy number Cost, replacement price Koha item type
      Non-fiction Janak Puri Janak Puri 16/12/2024 Delivery of Books Division 890.00 616.075 NAG EN-126615 1 890.00 English Books

© Delhi Public Library
Hit Counter
free hit counter